| 000 | 00907cam a2200301 4500 | ||
|---|---|---|---|
| 008 | 090401t1997 xxu||||| |||| 00| 0 eng d | ||
| 020 | _a085058969X | ||
| 035 | _a(Sirsi) u78410 | ||
| 041 | _aeng | ||
| 050 | _a332.6324091 | ||
| 110 |
_aEconomist Intelligence Unit _972 |
||
| 245 | _aGlobal direct investment and the importance of real estate. | ||
| 260 |
_aLondon _bEconomist Intelligence Unit _c1997 |
||
| 300 | _a53p. ; 27cm. | ||
| 350 | _a60 | ||
| 520 | _aA study for the RICS by the Economist Intelligence Unit. | ||
| 650 | _aDIRECT INVESTMENT | ||
| 650 | _aFDI | ||
| 650 | _aFOREIGN DIRECT INVESTMENT | ||
| 650 | _aFOREIGN INVESTMENT | ||
| 650 | _aPROPERTY INVESTMENT | ||
| 650 | _aREAL ESTATE | ||
| 650 | _aWORLD ECONOMY | ||
| 690 | _aPROPERTY-PROPERTY FINANCE AND INVESTMENT | ||
| 710 |
_aRoyal Institution of Chartered Surveyors _94900 |
||
| 942 | _n0 | ||
| 948 | _c20/05/1997 | ||
| 999 |
_c96444 _d96444 |
||